000 00508nam a2200181Ia 4500
005 20250508150658.0
008 008 250505s9999 xx 000 0 eng d
037 _aBooks to be hide in OPAC
040 _aFEDL
_beng
_cFEDL
041 _aeng
_2eng
084 _a371, MUR/O
_qFEDL
100 _aMursell James L
245 0 _aDevelopmental teaching
260 _aNew York, USA
_bMcGraw-Hill Book Company
_c1949
300 _avii,374p.
942 _cHB
_h371, MUR/O
999 _c1324993
_d1324993